| 000 | 00588nam a2200193Ia 4500 | ||
|---|---|---|---|
| 005 | 20250326143200.0 | ||
| 008 | 250326s9999 xx 000 0 und d | ||
| 020 | _a0 7456 3470 1 | ||
| 037 | _aTextbook | ||
| 040 |
_aFMSL _beng _cFMSL |
||
| 041 |
_aeng _2eng |
||
| 084 |
_aBobX.44 P3 _qFMSL |
||
| 100 |
_aKalirajan Kalirajan _9747320 |
||
| 245 | 0 |
_aDisequilibrium macroeconometrics model for the Indian economy _cKalirajan Kalirajan; Bhide Shashanka |
|
| 260 |
_aUSA _bUSA, Ashgate _c2003 |
||
| 300 | _axiv,217 | ||
| 942 |
_cTB _hBobX.44 P3 |
||
| 999 |
_c1298479 _d1298479 |
||